| 000 | 00803nam a2200205 i 4500 | ||
|---|---|---|---|
| 001 | 52107 | ||
| 003 | ES-MaACL | ||
| 005 | 20230906162523.0 | ||
| 007 | t| | ||
| 008 | 030825s1964 sp ||||1| spa d | ||
| 100 | 1 |
_aChorafas, Dimitris N. _938615 |
|
| 245 | 1 | 3 |
_aLa investigación en la empresa / _cDimitris N. Chorafas ; traducción del francés por Armando Suárez Franck ; prólogo a la edición española por Vicente Rogla Altet. |
| 260 |
_a[Madrid] : _bAguilar, _c1964. |
||
| 490 | 1 | _aBiblioteca de economía, organización y problemas de la empresa | |
| 700 | 1 |
_aSuárez Franck, Armando. _9108620 |
|
| 700 | 1 |
_aRogla Altet, Vicente. _998958 |
|
| 830 | 0 |
_aBiblioteca de economía, organización y problemas de la empresa _9181610 |
|
| 852 |
_aES-MaACL _jC-25899 _bR.54790 |
||
| 999 |
_c52107 _d52107 |
||